René Cassin, 1887-1976 : la guerre hors la loi, avec De Gaulle, les droits de l'homme (Record no. 1330)

MARC details
000 -LEADER
fixed length control field 01404cam a2200409 a 4500
001 - CONTROL NUMBER
control field ocn427341672
003 - CONTROL NUMBER IDENTIFIER
control field TZ-ArACH
005 - DATE AND TIME OF LATEST TRANSACTION
control field 2011092306016.0
008 - FIXED-LENGTH DATA ELEMENTS--GENERAL INFORMATION
fixed length control field 070710s2007 be 000 0bfre d
020 ## - INTERNATIONAL STANDARD BOOK NUMBER
International Standard Book Number 9782802724100
035 ## - SYSTEM CONTROL NUMBER
System control number (OCoLC)427341672
035 ## - SYSTEM CONTROL NUMBER
System control number (MiU-L).b1401466x
040 ## - CATALOGING SOURCE
Original cataloging agency AUXAM
Transcribing agency EMI
041 ## - LANGUAGE CODE
Language code of text/sound track or separate title fre
043 ## - GEOGRAPHIC AREA CODE
Geographic area code e-fr---
049 ## - LOCAL HOLDINGS (OCLC)
Holding library TZAA
050 #4 - LIBRARY OF CONGRESS CALL NUMBER
Classification number KJV251.5
Item number .C37
082 14 - DEWEY DECIMAL CLASSIFICATION NUMBER
Classification number 944
Edition number 1
100 1# - MAIN ENTRY--PERSONAL NAME
Personal name Israël, Gérard,
Dates associated with a name 1928-
9 (RLIN) 2247
245 10 - TITLE STATEMENT
Title René Cassin, 1887-1976 : la guerre hors la loi, avec De Gaulle, les droits de l'homme
Remainder of title la guerre hors la loi, avec De Gaulle, les droits de l'homme /
Statement of responsibility, etc Gérard Israël.
260 ## - PUBLICATION, DISTRIBUTION, ETC. (IMPRINT)
Place of publication, distribution, etc Bruxelles :
Name of publisher, distributor, etc Nemesis :
-- Bruylant,
Date of publication, distribution, etc 2007.
300 ## - PHYSICAL DESCRIPTION
Extent 292 p. ;
Dimensions 22 cm.
490 1# - SERIES STATEMENT
Series statement Droit et justice ;
Volume number/sequential designation 71
600 10 - SUBJECT ADDED ENTRY--PERSONAL NAME
Personal name Cassin, René,
Dates associated with a name 1887-
9 (RLIN) 2248
650 #0 - SUBJECT ADDED ENTRY--TOPICAL TERM
Topical term or geographic name as entry element Lawyers
Geographic subdivision France
Form subdivision Biography.
9 (RLIN) 2249
650 #0 - SUBJECT ADDED ENTRY--TOPICAL TERM
Topical term or geographic name as entry element World War, 1939-1945
Geographic subdivision France
Form subdivision Biography.
9 (RLIN) 2250
650 #0 - SUBJECT ADDED ENTRY--TOPICAL TERM
Topical term or geographic name as entry element Human rights.
9 (RLIN) 2251
650 #0 - SUBJECT ADDED ENTRY--TOPICAL TERM
Topical term or geographic name as entry element droits de l'homme
9 (RLIN) 2252
650 #0 - SUBJECT ADDED ENTRY--TOPICAL TERM
Topical term or geographic name as entry element Gaulle, Charles de
9 (RLIN) 2253
830 #0 - SERIES ADDED ENTRY--UNIFORM TITLE
Uniform title Droit et justice (Brussels, Belgium) ;
Volume number/sequential designation 71.
9 (RLIN) 2254
902 ## - LOCAL DATA ELEMENT B, LDB (RLIN)
a 11-17-08
907 ## - LOCAL DATA ELEMENT G, LDG (RLIN)
a .b1401466x
b 11-17-08
c 01-30-08
942 ## - ADDED ENTRY ELEMENTS (KOHA)
Source of classification or shelving scheme Library of Congress Classification
Koha item type Books
998 ## - LOCAL CONTROL INFORMATION (RLIN)
Operator's initials, OID (RLIN) 02-12-08
Cataloger's initials, CIN (RLIN) c
First Date, FD (RLIN) p
Holdings
Home library Current library Shelving location Date acquired Full call number Barcode Koha item type
African Court on Human and Peoples' Rights Library African Court on Human and Peoples' Rights Library   23/09/2011 KJV251.5.C37 1001375X Books

African Court on Human and Peoples' Rights | For Inquiries Contact » +255 272 510 510